00553nam a2200205 a 450000100060000000300090000600800410001502000150005604000280007108200100009910000270010924500200013626000650015630000070022149000250022859000360025365000290028994200120031899900170033013785CO-ViMGA141112s2004 ck r 000 u spa d a9580505284 aCO-ViMGAbspacCO-ViMGA04aGRIh21 aGrimm, Hermanos92006310aHansel y Gretel aSantafé de Bogotá : bEducar Cultural Recreativa, c1989 a24 aCuentos para soñar aForma de adquisición : Compra14aCUENTOS INFANTILES92743 2ddccBK c24495d24495